Loading...

Facilitated stretching/

Bibliographic Details
Main Author: Mcatee, Robert E
Other Authors: Charland, Jeff
Format: Printed Book
Language:English
Published: Usa Human Kinetics 1999
Edition:2
LEADER 00510nam a2200169Ia 4500
008 160725s9999||||xx |||||||||||||| ||eng||
020 |a 736000666 
082 |a 613.711 
100 |a Mcatee, Robert E 
245 |a Facilitated stretching/ 
250 |a 2 
260 |b Human Kinetics  |a Usa 
260 |c 1999 
300 |a 143p. 
700 |a Charland, Jeff 
999 |c 298251  |d 298251 
952 |0 0  |1 0  |4 0  |6 613_711000000000000  |7 0  |8 CPE  |9 338914  |a DPE  |b DPE  |c ST1  |d 2016-07-25  |g 898.54  |i 439  |l 0  |o 613.711  |p CPE439  |r 2016-07-25  |w 2016-07-25  |y BK